Les villes les plus peuplées de France commençant par S - Statistiques

Statistiques générales
  • Ce quiz a été pris 90 fois
  • Le résultat moyen est 9 sur 15
Statistiques - réponses
Départements Population Villes % Correct
Bas Rhin 287 000 Strasbourg
95%
La Réunion 154 000 Saint-Denis
93%
Seine Saint Denis 113 000 Saint-Denis
93%
Loire 173 000 Saint-Etienne
87%
Loire Atlantique 71 000 Saint-Nazaire
71%
La Réunion 85 000 Saint Pierre
67%
La Réunion 103 000 Saint-Paul
63%
Var (La) 63 000 La Seyne-sur-Mer
57%
Aisne 54 000 Saint-Quentin
55%
Val d'Oise 59 000 Sarcelles
48%
Yvelines 53 000 Sartrouville
39%
La Réunion 57 000 Saint-André
29%
La Réunion 53 000 Saint-Louis
28%
Hauts de Seine 49 000 Suresnes
23%
Val de Marne 75 000 Saint-Maur-des-Fossés
20%
Aucun quiz correspondant
Distribution des résultats
% des personnes avec chaque résultat
Percentile par nombre de réponses
Votre historique - résultats
Vous n’avez pas pris ce quiz